000 00283nam a22001337a 4500
020 _a0-7214-1992-5
082 _a823
_bSTI/C
100 _aSTIMSON, JOAN
245 _aCHEEKY LITTLE KITTEN
250 _a1
260 _aUK
_bLADYBIRD
650 _aENGLISH SHORT STORY
_zUK
942 _cBK
999 _c4207
_d4207